000 00775nam a22002537a 4500
003 CHAP
005 20220817041830.0
008 971013s1987 r 00010 d
010 _a25920
011 _a26892
035 _a30993
040 _cCHAP
090 _aFolleto 10978
110 _aInternational Crops Research Institute for the Semi-Arid Tropics
245 _aCoordination of grain legumes research in Asia
_b: summary proceedings fo the...
260 _aPatancheru, India :
_bEl autor,
_c1987
300 _a86 p
590 _aBATCH-UPD
_b10
_c20130110
_lUCH01
_h1910
590 _aCONVERSION
_b10
_c20130109
_lUCH01
_h1315
650 1 4 _aLegumbres
_xAsia.
_965684
901 _aBK
942 _cFOLL
949 _aFolleto 10978
_bBC
_cFOLL
_d-71829
_eTS1
_i30993
_mD
_si
999 _c25920
_d25920